A first course in turbulence

Αποθηκεύτηκε σε:
Λεπτομέρειες βιβλιογραφικής εγγραφής
Κύριος συγγραφέας: Tennekes, H. (Hendrik)
Άλλοι συγγραφείς: Lumley, John L. (John Leask) 1930-
Μορφή: Βιβλίο
Γλώσσα:English
Δημοσίευση: Cambridge, Mass : MIT Press, 1972
Θέματα:
Ετικέτες: Προσθήκη ετικέτας
Δεν υπάρχουν, Καταχωρήστε ετικέτα πρώτοι!

MARC

LEADER 00000nam a2200000 i 4500
001 1/52362
008 070823s1972 eng d
020 |a 0-262-20019-8 
035 |l 10089983 
040 |a GR-MY-UA  |b gre  |e aacr 
041 0 |a eng 
082 0 |a 532.0527  |2 (22) 
100 1 |a Tennekes, H.  |q (Hendrik) 
245 1 2 |a A first course in turbulence /  |c H. Tennekes and J. L. Lumley 
260 |a Cambridge, Mass :   |b MIT Press,   |c 1972 
300 |a xii, 300 σ. ;  |b εικ.;  |c 24 εκ. 
504 |a Βιβλιογραφία : σ. [288]-293 
650 0 0 |a Turbulence. 
650 0 0 |a Dimensional analysis. 
700 1 |a Lumley, John L.  |q (John Leask)  |d 1930- 
852 |a INST  |b LESVOS  |e 20081029  |h 532.0527 TEN  |p 005100043305  |q 005100043305  |t BK  |y 0 
852 |a INST  |b SAMOS  |e 20070823  |h 532.0527 TEN  |p 005300028445  |q 005300028445  |t BK  |y 0 
901 |a BIBL3-2007-2 
901 |a BIBL1-2008-3 
909 |a Σ  |b 136785 
909 |a Λ  |b 144273 
922 |a 3ΕΛΗ  |b 200707  |c ΕΠΕΑΕΚ2/ΤΜΗΜΑ ΜΑΘΗΜΑΤΙΚΩΝ  |d ΕΛΕΥΘΕΡΟΥΔΑΚΗΣ 
922 |a 1ΕΛΗ  |b 200801  |c ΕΠΕΑΕΚ2/ΤΕΘ  |d ΠΑΠΑΣΩΤΗΡΙΟΥ 
970 |a ΣΙΤΖΙΜΗ  |b ΓΙΑΣΕΜΗ  |z 2007/08/23